000 00865nam a2200265 i 4500
001 92762
003 ES-MaACL
005 20250624062525.0
007 t|
008 050504s1927 sp ||||1| spa d
080 _a821.134.2-32"19"
100 1 _aValle-Inclán, Ramón del,
_d1866-1936
_eaut
_9112796
245 1 3 _aLa rosa de oro /
_cRamón del Valle-Inclán ; ilustraciones de Barbero.
260 _aMadrid :
_bLa Novela Mundial,
_c1927.
300 _a62 p. :
_bil. ;
_c17 cm.
490 1 _aEstampas isabelinas
490 1 _aLa novela mundial ;
_vaño 2, n. 58
700 1 _aBarbero.
_925431
830 0 0 _aEstampas isabelinas
_9239291
830 0 0 _aLa novela mundial ;
_vaño 2, n. 58
_9191751
852 _aES-MaACL
_bR.135904
_cDEPOF
_j2185-F-29
942 _2udc
_cFOLLETOS
_n0
999 _c92762
_d92762